| 000 | 01135nam a2200217 i 4500 | ||
|---|---|---|---|
| 001 | 149577 | ||
| 003 | ES-MaACL | ||
| 005 | 20251220063021.0 | ||
| 007 | t| | ||
| 008 | 190516s1850 fr ||||1| fre d | ||
| 100 | 1 |
_aPrado, Casiano de, _d1797-1866 _993606 |
|
| 245 | 1 | 0 |
_aNote géologique sur les terrains de Sabero et de ses environs dans les montagnes de Leon (Spagne) / _cpar Casiano del Prado ; suivie d'une description des fossiles de ces terrains par Ed. de Verneuil. |
| 260 |
_a[S.l. : _bs.n., _c1850?] |
||
| 300 |
_a59 p. [3] h. pleg. de il. ; _c21 cm. |
||
| 500 | _aExtrait du Bulletin de la Société Géologique de France, 2ª série, t. VII, p. 157, séance du 21 janvier 1850. | ||
| 650 | 4 |
_aGeología- _zSabero. _9167031 |
|
| 650 | 4 |
_aFósiles- _zSabero. _9167032 |
|
| 700 | 1 |
_aVerneuil, Édouard de, _d1805-1873 _9114176 |
|
| 852 |
_aES-MaACL _jB-8925(1) _z.- Legado de Federico de Botella y de Hornos .- Encuadernado en un vol. facticio agrupado con el nombre en el lomo: España, geología, memorias y documentos varios 9 a 19 _z.- Ded. ms. de Verneuil a Botella y de Hornos |
||
| 999 |
_c149577 _d149577 |
||